zpět

Detail výsledku týmu

Hells Bells Beer Pub, Praha

Datum a čas kvízu

38.5 Celkem bodů Celkový počet nahraných bodů na tomto kvízu bez doplňovacích otázek.
1. Pořadí na kvízu Konečné umístění týmu na tomto kvízu.

Zaznamenané odpovědi

# Otázka Odpověď Body Výsledky
1. Jak se jmenuje bývalý ministr... 1
2. Evropský soud pro lidská práva... 1
3. Ústřední komise pro audiovizuá... 1
4. Kvůli podezření z neoprávněnéh... 1
5. Jak se jmenuje nový kapitán pr... 0
6. Pro pražské soutěžící bude tot... 1
7. Které dvě linky se kříží ve st... 1
8. Jak se za socialismu jmenovala... 0
9. V čem drží prvenství stanice N... 1
10. Celkem kolikrát projíždí trasa... 1